Pokemon - Vol - Statistiques

Statistiques générales
  • Ce quiz a été pris 19 fois
  • Le résultat moyen est 15 sur 20
Statistiques - réponses
Question aérienne Cuit cuit % Correct
Starter de type vol Brindibou
100%
Force de la nature seulement de type vol Boréas
94%
Je suis un catcheur Brutalibré
94%
Possède un remoraid accroché à son aile Démanta
94%
Attaque permettant de voyager sur la map Vol
94%
Fait évoluer Cornèbre Pierre Nuit
88%
Attaque infligeant des dégâts à la cible et au lanceur Rapace
88%
Pokemon qui peut mega-évoluer sans méga gemme Rayquaza
88%
Attaque permettant de récupérer ses PV Atterissage
81%
Oiseau de la 6g de type normal et vol Passerouge
81%
Permet d'obtenir un Scorvol Croc Rasoir
75%
Forme de type vol de Shaymin Forme Céleste
75%
Permet à Arceus de prendre le type vol Plaque Ciel
75%
Pokemon à plusieurs styles Plumeline
75%
Objet augmentant les attaques vol Bec Pointu
69%
Attaque mettant 1 tour à charger pendant lequel le lanceur est presque invulnérable puis écrase la cible au 2ème tour, différente de l'attaque du dessus Rebond
69%
Championne d'Hoenn Alizée
63%
Objet augmentant uniquement la première attaque vol Joyau Vol
50%
Talent convertissant les attaques normal en attaque vol Peau Céleste
38%
Forme régionale d'un pokemon évolué de type psy-vol Gueriaigle d'Hisui
31%
Aucun quiz correspondant
Distribution des résultats
% des personnes avec chaque résultat
Percentile par nombre de réponses
Votre historique - résultats
Vous n’avez pas pris ce quiz